[Event "Beersheba"]
[Site "Beersheba"]
[Date "1996.??.??"]
[Round "9"]
[White "Bykhovsky, Avigdor"]
[Black "Tseitlin, Mark D"]
[Result "0-1"]
[WhiteElo "2405"]
[BlackElo "2545"]
[PlyCount "86"]
[EventDate "1996.03.??"]
[EventType "tourn"]
[EventRounds "11"]
[EventCountry "ISR"]
[EventCategory "10"]
[SourceTitle "CBM 053"]
[Source "ChessBase"]
[SourceDate "1996.08.01"]
[SourceVersion "1"]
[SourceVersionDate "1996.08.01"]
[SourceQuality "1"]

1. d4 Nf6 2. c4 g6 3. Nc3 d5 4. Nf3 Bg7 5. Bg5 Ne4 6. Bh4 Nxc3 7. bxc3 dxc4 8.
Qa4+ Qd7 9. Qxc4 b6 10. e3 Ba6 11. Qb3 Bxf1 12. Kxf1 O-O 13. Ke2 Nc6 14. Rad1
Na5 15. Qb4 c5 16. Qb1 cxd4 17. cxd4 Rfc8 18. Rc1 Nc4 19. Rhd1 b5 20. Kf1 a5
21. Kg1 e6 22. e4 b4 23. d5 exd5 24. Rxd5 Qe8 25. h3 h6 26. Qd3 Bc3 27. e5 Qe6
28. Bf6 a4 29. g4 Kh7 30. Rd7 Nb2 31. Qb5 Rab8 32. Rb7 Rxb7 33. Qxb7 Nd3 34.
Rd1 Nc5 35. Qa7 Qxa2 36. Qxc5 Qe6 37. Qa7 a3 38. Rd6 Qc4 39. e6 Bxf6 40. Qxf7+
Bg7 41. Ne5 Qe4 42. Rd1 Qxe5 43. e7 a2 0-1

[Event "Biel MTO op"]
[Site "Biel"]
[Date "1996.??.??"]
[Round "5"]
[White "Vehi Bach, Victor Manuel"]
[Black "Tseitlin, Mark D"]
[Result "0-1"]
[WhiteElo "2365"]
[BlackElo "2540"]
[PlyCount "64"]
[EventDate "1996.07.??"]
[EventType "swiss"]
[EventRounds "11"]
[EventCountry "SUI"]
[SourceTitle "EXT 1998"]
[Source "ChessBase"]
[SourceDate "1997.11.17"]
[SourceVersion "1"]
[SourceVersionDate "1997.11.17"]
[SourceQuality "1"]

1. e4 g6 2. d4 Bg7 3. Nc3 c6 4. Bc4 d6 5. Qf3 e6 6. Bf4 Nd7 7. O-O-O Ngf6 8.
Bb3 Qe7 9. h4 e5 10. Be3 b5 11. Nh3 O-O 12. h5 exd4 13. Bxd4 Nc5 14. hxg6 Nxb3+
15. axb3 fxg6 16. Qd3 b4 17. Bxf6 Qxf6 18. Qc4+ d5 19. Qxb4 d4 20. Na4 Ba6 21.
f4 c5 22. Qa5 Rac8 23. e5 Qc6 24. g3 Be2 25. Rde1 c4 26. b4 Rfd8 27. b5 Qd5 28.
Nf2 d3 29. Qd2 Qxb5 30. Nc3 Qa5 31. Nfe4 Qa1+ 32. Nb1 dxc2 0-1

[Event "Biel MTO op"]
[Site "Biel"]
[Date "1996.??.??"]
[Round "10"]
[White "Tseitlin, Mark D"]
[Black "Siegel, Georg"]
[Result "1-0"]
[WhiteElo "2540"]
[BlackElo "2475"]
[PlyCount "73"]
[EventDate "1996.07.??"]
[EventType "swiss"]
[EventRounds "11"]
[EventCountry "SUI"]
[SourceTitle "EXT 1998"]
[Source "ChessBase"]
[SourceDate "1997.11.17"]
[SourceVersion "1"]
[SourceVersionDate "1997.11.17"]
[SourceQuality "1"]

1. e4 c5 2. c3 d5 3. exd5 Qxd5 4. d4 Nf6 5. Nf3 Nc6 6. Be3 cxd4 7. cxd4 e6 8.
Nc3 Qd6 9. a3 Be7 10. Bd3 O-O 11. O-O b6 12. Qe2 Bb7 13. Rad1 Rac8 14. Bb1 Rfd8
15. Rfe1 Na5 16. Ne5 Nc4 17. Bg5 Nxe5 18. dxe5 Qc6 19. Qf1 Nd5 20. Bxe7 Nxe7
21. Be4 Nd5 22. Qd3 Qe8 23. Nxd5 Bxd5 24. Bxh7+ Kf8 25. Qh3 g6 26. Qh6+ Ke7 27.
h4 Qa4 28. Qg5+ Kd7 29. h5 Rc4 30. hxg6 Rg4 31. Rxd5+ exd5 32. Qf5+ Kc6 33.
gxf7 Rf4 34. Qg6+ Kb7 35. Qg7 Qd7 36. e6 Qe7 37. f8=Q $1 {[#]} 1-0

[Event "ISR-ch"]
[Site "Jerusalem"]
[Date "1996.??.??"]
[Round "6"]
[White "Tseitlin, Mark D"]
[Black "Mittelman, Gur"]
[Result "1-0"]
[WhiteElo "2540"]
[BlackElo "2375"]
[PlyCount "43"]
[EventDate "1996.10.26"]
[EventType "swiss"]
[EventRounds "9"]
[EventCountry "ISR"]
[SourceTitle "CBM 056"]
[Source "ChessBase"]
[SourceDate "1997.02.01"]
[SourceVersion "1"]
[SourceVersionDate "1997.02.01"]
[SourceQuality "1"]

1. e4 c6 2. d4 d5 3. e5 Bf5 4. Nf3 e6 5. Be2 Nd7 6. O-O h6 7. b3 Ne7 8. c4 Ng6
9. Na3 Be7 10. Nc2 O-O 11. Ne3 Be4 12. Nd2 c5 13. cxd5 exd5 14. Nxe4 dxe4 15.
Nf5 Bg5 16. Bb2 Bf4 17. g3 cxd4 18. gxf4 d3 19. Bg4 Nxf4 20. Kh1 Nb6 21. Qe1
Qg5 22. Qxe4 1-0

[Event "Koop Tjuchem op"]
[Site "Groningen"]
[Date "1996.??.??"]
[Round "5"]
[White "Tseitlin, Mark D"]
[Black "Lingnau, Carsten"]
[Result "1-0"]
[WhiteElo "2540"]
[BlackElo "2380"]
[PlyCount "193"]
[EventDate "1996.12.20"]
[EventType "swiss"]
[EventRounds "11"]
[EventCountry "NED"]
[SourceTitle "EXT 1998"]
[Source "ChessBase"]
[SourceDate "1997.11.17"]
[SourceVersion "1"]
[SourceVersionDate "1997.11.17"]
[SourceQuality "1"]

1. e4 c5 2. Nf3 d6 3. d4 cxd4 4. Nxd4 Nf6 5. Nc3 a6 6. Be3 e5 7. Nb3 Be6 8. Be2
Be7 9. Nd5 Nxd5 10. exd5 Bf5 11. Qd2 a5 12. a4 O-O 13. O-O Nd7 14. f4 exf4 15.
Bxf4 Bg6 16. Kh1 Ne5 17. c4 Qb6 18. Nd4 Nd7 19. Nb5 Nc5 20. Be3 Rfe8 21. Rae1
Bf6 22. Bf3 Be5 23. Qf2 f6 24. Rd1 Rf8 25. Bxc5 Qxc5 26. Qxc5 dxc5 27. d6 Rab8
28. Rf2 Rfd8 29. g3 Be8 30. Rfd2 Bc6 31. Bd5+ Kf8 32. Bxc6 bxc6 33. Nc7 Kf7 34.
Na6 Rxb2 35. Rxb2 Bxb2 36. Nxc5 Be5 37. Nb7 Rd7 38. Nxa5 c5 39. Nc6 Bd4 40.
Nxd4 Rxd6 41. Kg2 cxd4 42. Kf3 f5 43. Ke2 Ra6 44. Ra1 Ke6 45. Kd3 Ke5 46. a5 g5
47. c5 Kd5 48. c6 Kxc6 49. Kxd4 Kd6 50. Ra2 Ke6 51. Re2+ Kf6 52. Re5 Ra8 53.
Rb5 Rd8+ 54. Rd5 Ra8 55. Kc4 Rc8+ 56. Rc5 Ra8 57. Kd4 Rd8+ 58. Rd5 Ra8 59. h4
gxh4 60. gxh4 Rg8 61. Rd6+ Kf7 62. Ke5 Rg4 63. Rd4 Rg8 64. Kxf5 Ra8 65. Rd7+
Ke8 66. Rd5 Ra6 67. Ke4 Rh6 68. h5 Rc6 69. Kd4 Ke7 70. Rc5 Ra6 71. Kc4 Kd6 72.
Rf5 Kc7 73. Kb5 Rh6 74. Rc5+ Kb7 75. Rf5 Ka7 76. Kc4 Ka6 77. Kd4 Re6 78. Kd5
Rh6 79. Ke4 Rc6 80. Kf4 h6 81. Rd5 Rc1 82. Kf5 Rg1 83. Kf6 Rg2 84. Kf7 Rg1 85.
Rd6+ Kxa5 86. Rxh6 Rh1 87. Rh8 Kb6 88. h6 Kb7 89. Kg7 Rg1+ 90. Kh7 Kc7 91. Rg8
Rh1 92. Rg2 Rd1 93. Kg6 Rd6+ 94. Kh5 Rd5+ 95. Rg5 Rd1 96. h7 Rd8 97. Rg8 1-0

[Event "Koop Tjuchem op"]
[Site "Groningen"]
[Date "1996.??.??"]
[Round "7"]
[White "Tseitlin, Mark D"]
[Black "Levin, Felix"]
[Result "1-0"]
[WhiteElo "2540"]
[BlackElo "2475"]
[PlyCount "91"]
[EventDate "1996.12.20"]
[EventType "swiss"]
[EventRounds "11"]
[EventCountry "NED"]
[SourceTitle "EXT 1998"]
[Source "ChessBase"]
[SourceDate "1997.11.17"]
[SourceVersion "1"]
[SourceVersionDate "1997.11.17"]
[SourceQuality "1"]

1. e4 d5 2. exd5 Nf6 3. d4 Nxd5 4. Nf3 g6 5. Be2 Bg7 6. O-O Nb6 7. c3 O-O 8.
Bg5 h6 9. Bh4 Nc6 10. Re1 Bf5 11. Nbd2 Qd7 12. Bb5 g5 13. Bg3 a6 14. Bxc6 Qxc6
15. Rxe7 Rac8 16. Be5 f6 17. Qb3+ Kh8 18. Bg3 Nd5 19. Ree1 b5 20. a4 h5 21.
axb5 axb5 22. h4 g4 23. Nh2 Rfe8 24. Nhf1 Bh6 25. c4 bxc4 26. Nxc4 Rb8 27.
Rxe8+ Qxe8 28. Qa3 Qc6 29. Nce3 Be4 30. Nxd5 Bxd5 31. Ne3 Be4 32. d5 Bxd5 33.
Nxd5 Qxd5 34. Bxc7 Re8 35. Qc3 Bg7 36. Ra5 Qd1+ 37. Kh2 f5 38. Qc5 Qd7 39. Bf4
Rf8 40. Be5 Bxe5+ 41. Qxe5+ Qg7 42. Qc5 Qf6 43. g3 Kg8 44. Qc4+ Qf7 45. Qf4 Qf6
46. b4 1-0

[Event "Koop Tjuchem op"]
[Site "Groningen"]
[Date "1996.??.??"]
[Round "9"]
[White "Tseitlin, Mark D"]
[Black "Kupreichik, Viktor D"]
[Result "1-0"]
[WhiteElo "2540"]
[BlackElo "2510"]
[PlyCount "69"]
[EventDate "1996.12.20"]
[EventType "swiss"]
[EventRounds "11"]
[EventCountry "NED"]
[SourceTitle "EXT 1998"]
[Source "ChessBase"]
[SourceDate "1997.11.17"]
[SourceVersion "1"]
[SourceVersionDate "1997.11.17"]
[SourceQuality "1"]

1. e4 c5 2. Nf3 d6 3. d4 cxd4 4. Nxd4 Nf6 5. Nc3 Bd7 6. Bg5 e6 7. Qd2 a6 8. f4
h6 9. Bxf6 Qxf6 10. O-O-O Nc6 11. Nxc6 Bxc6 12. Qe3 g5 13. g3 gxf4 14. gxf4
O-O-O 15. Qb6 Qxf4+ 16. Kb1 Qe5 17. Nd5 Bxd5 18. exd5 Bg7 19. Bc4 exd5 20. Bxd5
Qe7 21. Rhf1 Qc7 22. Qg1 f5 23. Rf4 Kb8 24. Rb4 b5 25. a4 Be5 26. axb5 Qc5 27.
Qe1 a5 28. Ra4 Qxb5 29. b3 Qb6 30. Rxa5 Kc7 31. Ra4 Kd7 32. Bc4 Rhe8 33. Ra6
Qb7 34. Qd2 Ke7 35. Qxh6 1-0

[Event "ISR-chT"]
[Site "Israel"]
[Date "1997.??.??"]
[Round "3"]
[White "Zalkind, Konstantin"]
[Black "Tseitlin, Mark D"]
[Result "0-1"]
[WhiteElo "2370"]
[BlackElo "2505"]
[PlyCount "102"]
[EventDate "1997.??.??"]
[EventType "team"]
[EventRounds "11"]
[EventCountry "ISR"]
[SourceTitle "CBM 058 Extra"]
[Source "ChessBase"]
[SourceDate "1997.07.29"]
[SourceVersion "1"]
[SourceVersionDate "1997.07.29"]
[SourceQuality "1"]

1. d4 Nf6 2. c4 g6 3. g3 c6 4. Bg2 d5 5. cxd5 cxd5 6. Nf3 Bg7 7. O-O O-O 8. Nc3
Ne4 9. Bf4 Nc6 10. Ne5 Nxc3 11. bxc3 Nxe5 12. dxe5 Be6 13. Rb1 b6 14. Rb5 Rc8
15. Qd3 d4 16. Qxd4 Rc4 17. Qe3 Qc7 18. Rc1 Rd8 19. Rb4 Rc5 20. Rd4 Rc8 21. Qd2
Bxe5 22. Bxe5 Qxe5 23. e3 Qc7 24. Bd5 Bxd5 25. Rxd5 Rxc3 26. Rxc3 Qxc3 27. Kf1
Qc4+ 28. Kg2 Qe4+ 29. f3 Qc2 30. Kf2 Rc4 31. e4 e6 32. Rd4 e5 33. Rd8+ Kg7 34.
Kg2 h5 35. h4 Qb1 36. Qe2 Rc1 37. Qf2 b5 38. Rd2 a5 39. Rb2 Qd3 40. Qe2 Qxe2+
41. Rxe2 b4 42. Rd2 Kf6 43. Kh3 Rh1+ 44. Kg2 Ra1 45. Kh3 Ke6 46. g4 Rf1 47. Kg3
Rg1+ 48. Kf2 Rb1 49. Kg3 a4 50. gxh5 gxh5 51. Kg2 a3 0-1

[Event "ISR-chT"]
[Site "Israel"]
[Date "1997.??.??"]
[Round "6"]
[White "Tseitlin, Mark D"]
[Black "Slutzky, Leonid"]
[Result "1-0"]
[WhiteElo "2505"]
[BlackElo "2380"]
[PlyCount "79"]
[EventDate "1997.??.??"]
[EventType "team"]
[EventRounds "11"]
[EventCountry "ISR"]
[SourceTitle "CBM 058 Extra"]
[Source "ChessBase"]
[SourceDate "1997.07.29"]
[SourceVersion "1"]
[SourceVersionDate "1997.07.29"]
[SourceQuality "1"]

1. e4 c5 2. Nf3 d6 3. d4 cxd4 4. Nxd4 Nf6 5. Nc3 a6 6. Be3 e5 7. Nb3 Be6 8. Be2
Be7 9. Nd5 Nbd7 10. Qd3 Bxd5 11. exd5 O-O 12. O-O Rc8 13. c4 a5 14. Qd2 b6 15.
f3 Ne8 16. Rac1 h6 17. Bd3 Bg5 18. Bf5 Bxe3+ 19. Qxe3 Nef6 20. f4 Rb8 21. fxe5
Nxe5 22. Nd4 Re8 23. Qh3 Qc7 24. Kh1 Qc5 25. Qh4 Qb4 26. Bb1 Qd2 27. Nf5 Neg4
28. Qg3 g6 29. Nxd6 Re3 30. Ne4 Nxe4 31. Qxb8+ Kg7 32. Bxe4 Nf2+ 33. Kg1 Rxe4
34. Qxb6 Re2 35. Qb3 Qd4 36. Qc3 Nh3+ 37. Kh1 Nf2+ 38. Rxf2 Qxc3 39. bxc3 Rxf2
40. c5 1-0

[Event "Beersheba 16th"]
[Site "Beersheba"]
[Date "1997.03.03"]
[Round "7"]
[White "Tseitlin, Mark D"]
[Black "Tyomkin, Dimitri"]
[Result "1-0"]
[WhiteElo "2505"]
[BlackElo "2450"]
[Annotator "Tyomkin,D"]
[PlyCount "99"]
[EventDate "1997.02.24"]
[EventType "tourn"]
[EventRounds "11"]
[EventCountry "ISR"]
[EventCategory "12"]
[SourceTitle "CBM 058"]
[Source "ChessBase"]
[SourceDate "1997.06.01"]
[SourceVersion "1"]
[SourceVersionDate "1997.06.01"]
[SourceQuality "1"]

{Normally Mark Tseitlin plays e2-e4 on his first move,but I think he just was
afraid my home preperation and theoretical knowledge.And expereanced GM made a
right choice.My congratulations to Mark Tseitlin he made his last GM-norm last
December in Groningen open,and he's waiting for close FIDE congress to get it
formally. I met A.Khalifman in Linares this year and he told me whan he was
young boy he saw Mark winning Leningrad championships where played many GM's
and he told me "Mark played geniously,and it is pity he made GM only now when
he is 54 years old and not before 20 years when he played his great games".
This tournament he played too agrassive and finished with 3wins,6 loses,and
just 2draws that is not usually happenes to other players in close tournaments
cat.12} 1. Nf3 d5 2. g3 Nf6 3. Bg2 c6 4. O-O Bg4 5. c4 e6 6. d4 Nbd7 7. Ne5
Nxe5 $146 (7... Bf5 {Tyomkin,D} 8. Nc3 Bd6 (8... Be7 $5) 9. Bf4 Qb8 10. Nxd7
Nxd7 11. cxd5 exd5 12. e4 dxe4 (12... Bxf4 13. exd5 $1 (13. exf5 Bd6 14. Re1+
Kf8 $13) 13... Bd6 14. Qe2+ Kf8 15. dxc6 bxc6 16. Bxc6 Nf6 17. Rfe1 g6 18. Bxa8
Qxa8 19. Qa6 $16) 13. Bxe4 Bxe4 14. Bxd6 Qxd6 15. Nxe4 Qg6 16. d5 O-O $11 17.
Re1 Rad8 18. d6 f5 19. Qb3+ Kh8 20. Nc3 Nc5 21. Qc4 Qxd6 22. Rad1 Nd3 23. Re2
b5 24. Qh4 Qc5 $17 {Romanishin,O-Farago,I/EU-chT Skara 1980[Tyomkin,D] (40)/1/
2-1/2}) 8. dxe5 Nd7 9. cxd5 exd5 (9... cxd5 10. h3 (10. f4 Bc5+ $1 11. Kh1 h5
$1 {[%csl Rh1][%cal Gh5h4]}) 10... Bf5 11. f4 g5 12. fxg5 Bg6 (12... Bxb1) (
12... Nxe5 $6 13. Rxf5) (12... h6 $5) 13. Nc3 Nxe5 14. e4 d4 15. Nb5 a6 16.
Nxd4 Bc5 17. Be3 Nc6 (17... Nc4 18. Bf2 Qxg5 19. e5 $3 $16) 18. Nc2 Bxe3+ 19.
Nxe3 Qxg5 20. Ng4 O-O 21. h4 Qc5+ 22. Kh2 Qd4 23. Qc1 $1 $36) 10. h3 Bf5 11. f4
Nc5 $6 (11... Qb6+ {[%cal Rb6g1]} 12. Kh2 Be4 13. Bxe4 dxe4 14. Nc3 $14) (11...
f6 12. Nc3 $1 (12. g4 Bxb1) (12. e4 Bxe4 13. Bxe4 dxe4 14. Nc3 (14. e6 Nc5))
12... fxe5 13. e4 Bc5+ 14. Kh2 dxe4 15. g4) (11... Bxb1 12. Rxb1 f5) 12. Be3 {
[%cal Ge3b6]} (12. Nc3 d4 $1 13. e4 Bxh3 14. Bxh3 dxc3 $17) (12. g4 Be4) 12...
h5 13. Nc3 Qd7 (13... Ne4 $6 14. Nxe4 dxe4 15. Qxd8+ Rxd8 16. Rfd1 Rxd1+ 17.
Rxd1 a6 18. Bb6 Be7 19. Kf2 $16 {[%csl Re4][%cal Gf2e3,Gh3h4]}) 14. Kh2 Rd8 (
14... h4 $2 15. g4 Bxg4 16. hxg4 Qxg4 17. Rf3 $18) (14... Ne4 15. Nxe4 dxe4 16.
Qc2 (16. Qxd7+ Kxd7 17. Rad1+ Ke6) 16... Be7 17. Rfd1 $16 {[%csl Re4]}) 15. Bd4
Be7 16. Rc1 b6 $2 (16... O-O 17. Bxc5 (17. Nxd5 Ne6 18. Nxe7+ Qxe7 19. e3 c5
20. Qxh5 Bg6 21. Qg4 cxd4 22. f5 Bxf5) 17... Bxc5 18. Nxd5 Bxh3 19. Nf6+ (19.
Rxc5 Bxg2 20. Nf6+ gxf6 21. Qxd7 Rxd7 22. Kxg2) 19... gxf6 20. Qxd7 Bxd7 21.
Rxc5 Rfe8 22. exf6 Bg4 $132) 17. Bxc5 $1 Bxc5 18. e4 dxe4 19. Qa4 $1 {[%csl
Rc6][%cal Gg2c6]} (19. Nxe4 $6 Bxe4 20. Bxe4 Qd2+ $36) 19... b5 20. Qb3 O-O
$138 {Black desided opening problems too long and left just 5 minutes on his
clock} (20... h4 21. Nxe4 $1 Bxe4 22. Bxe4 Qd2+ 23. Kh1 hxg3 24. Qxg3 Bb6 25.
Rc2) (20... Be6 21. Qc2 h4 22. g4 Bc4 23. Nxe4 $16) 21. Nxe4 Bxe4 22. Bxe4 {^-}
Bb6 $2 $138 (22... Qd2+ 23. Kh1 Qe3 24. Qxe3 Bxe3 25. Rxc6 $16) 23. Rfd1 Qe7
24. Rxc6 Rxd1 25. Qxd1 Qb4 26. Qe2 Rd8 27. Rc2 Qd4 $2 (27... h4 $142 {[%csl
Rh2][%cal Gb4d4,Gd4g1]} 28. gxh4 Qd4 29. Qe1 $18 {[%csl Rg8][%cal Gc2g2]}) 28.
h4 $1 $18 {[%cal Gh2h3]} g6 {[%csl Rb5,Rg8][%cal Ge5e6] In positions with
opposite bishops always the most importent thing-which king safer.In this
position white is stoping any activity of Black and easely finishing a game by
attacking Black king.} 29. Bg2 Qd7 30. Bc6 Qd4 31. e6 fxe6 32. Qxe6+ Kg7 33.
Qe7+ Kh6 34. Re2 Qg1+ 35. Kh3 Qc5 36. Qg5+ Qxg5 37. hxg5+ Kg7 38. Re7+ Kg8 39.
Re6 Kf7 40. Rf6+ Kg7 41. Be4 Bd4 42. Rxg6+ Kf7 43. Rc6 Bxb2 44. f5 Be5 45. Rc5
Bd6 46. Rxb5 Rb8 47. Bd5+ Kg7 48. Ra5 Kh8 49. Rxa7 h4 50. g6 1-0

[Event "Biel MTO op"]
[Site "Biel"]
[Date "1997.??.??"]
[Round "4"]
[White "Skripchenko, Almira"]
[Black "Tseitlin, Mark D"]
[Result "0-1"]
[WhiteElo "2385"]
[BlackElo "2530"]
[PlyCount "88"]
[EventDate "1997.07.21"]
[EventType "swiss"]
[EventRounds "11"]
[EventCountry "SUI"]
[SourceTitle "CBM 060 Extra"]
[Source "ChessBase"]
[SourceDate "1997.11.04"]
[SourceVersion "1"]
[SourceVersionDate "1997.11.04"]
[SourceQuality "1"]

1. e4 d6 2. d4 Nf6 3. Nc3 g6 4. f4 Bg7 5. Nf3 O-O 6. Bd3 Nc6 7. e5 dxe5 8. fxe5
Nh5 9. Be4 Bg4 10. Be3 f6 11. exf6 exf6 12. O-O Kh8 13. Qd2 f5 14. Bxc6 bxc6
15. Ne5 c5 16. Nxg4 cxd4 17. Bg5 Qd6 18. Nb5 Qc5 19. Nxd4 Qxd4+ 20. Qxd4 Bxd4+
21. Be3 Bxb2 22. Rab1 Bg7 23. Nf2 Rfe8 24. Bc5 Re2 25. Rfc1 Nf4 26. Kf1 Re5 27.
Nd3 Re4 28. Bxa7 Nd5 29. Bf2 Kg8 30. Rb5 Nc3 31. Rc5 Re7 32. Be1 Ne4 33. Ra5
Rxa5 34. Bxa5 c5 35. c4 Rd7 36. Rd1 Bd4 37. Bb6 Rb7 38. Bd8 Ra7 39. Nc1 Be3 40.
Bb6 Rb7 41. Ba5 Rb1 42. Ke2 Bxc1 43. Kf3 Kf7 44. Be1 Ra1 0-1

[Event "Biel MTO op"]
[Site "Biel"]
[Date "1997.??.??"]
[Round "5"]
[White "Tseitlin, Mark D"]
[Black "Henrichs, Thomas"]
[Result "1-0"]
[WhiteElo "2530"]
[BlackElo "2415"]
[PlyCount "59"]
[EventDate "1997.07.21"]
[EventType "swiss"]
[EventRounds "11"]
[EventCountry "SUI"]
[SourceTitle "CBM 060 Extra"]
[Source "ChessBase"]
[SourceDate "1997.11.04"]
[SourceVersion "1"]
[SourceVersionDate "1997.11.04"]
[SourceQuality "1"]

1. Nf3 c5 2. g3 b6 3. Bg2 Bb7 4. O-O Nf6 5. d3 d5 6. Nbd2 e6 7. e4 Nc6 8. Re1
Be7 9. c3 Qc7 10. a3 O-O 11. e5 Nd7 12. Qe2 b5 13. h4 a5 14. Nf1 b4 15. Bf4
bxc3 16. bxc3 Ba6 17. N1h2 Rab8 18. Ng4 Rb3 19. Nf6+ Kh8 20. Ng5 gxf6 21. exf6
Bd6 22. Bxd6 Qxd6 23. Nxh7 Qe5 24. Qd1 Qxe1+ 25. Qxe1 Kxh7 26. Qd1 Rfb8 27.
Bxd5 Nxf6 28. Bxc6 Rxc3 29. Qd2 Rxd3 30. Qf4 1-0

[Event "Biel MTO op"]
[Site "Biel"]
[Date "1997.??.??"]
[Round "7"]
[White "Tseitlin, Mark D"]
[Black "Podgaets, Mikhail"]
[Result "1-0"]
[WhiteElo "2530"]
[BlackElo "2460"]
[PlyCount "75"]
[EventDate "1997.07.21"]
[EventType "swiss"]
[EventRounds "11"]
[EventCountry "SUI"]
[SourceTitle "CBM 060 Extra"]
[Source "ChessBase"]
[SourceDate "1997.11.04"]
[SourceVersion "1"]
[SourceVersionDate "1997.11.04"]
[SourceQuality "1"]

1. e4 c6 2. d4 d5 3. e5 Bf5 4. Nf3 e6 5. Be2 Ne7 6. O-O c5 7. Na3 Nec6 8. Bg5
Qb6 9. c4 Nxd4 10. Nxd4 cxd4 11. cxd5 exd5 12. Bg4 Bxg4 13. Qxg4 Qe6 14. Qxd4
Nc6 15. Qa4 Bc5 16. Nb5 O-O 17. Nc7 Qxe5 18. Bf4 Qd4 19. Qxd4 Nxd4 20. Nxa8
Ne2+ 21. Kh1 Nxf4 22. Nc7 Nd3 23. Kg1 d4 24. Rab1 Rc8 25. Nd5 Rd8 26. Rfd1 Nxb2
27. Rxb2 Rxd5 28. Rxb7 Rd8 29. Rb5 Bf8 30. Ra5 Rd7 31. Rd3 g6 32. Rb5 Kg7 33.
Kf1 h5 34. Ke2 Be7 35. Rdb3 Bf6 36. Kd3 Rd6 37. Ra5 Rc6 38. Rxa7 1-0

[Event "Biel MTO op"]
[Site "Biel"]
[Date "1997.??.??"]
[Round "10"]
[White "Palac, Mladen"]
[Black "Tseitlin, Mark D"]
[Result "0-1"]
[WhiteElo "2575"]
[BlackElo "2530"]
[PlyCount "90"]
[EventDate "1997.07.21"]
[EventType "swiss"]
[EventRounds "11"]
[EventCountry "SUI"]
[SourceTitle "CBM 060 Extra"]
[Source "ChessBase"]
[SourceDate "1997.11.04"]
[SourceVersion "1"]
[SourceVersionDate "1997.11.04"]
[SourceQuality "1"]

{Torero} 1. e4 c5 2. Nf3 Nc6 3. d4 cxd4 4. Nxd4 Nf6 5. Nc3 d6 6. Bg5 e6 7. Qd2
a6 8. O-O-O h6 9. Be3 Be7 10. f4 Nxd4 11. Bxd4 b5 12. Kb1 b4 13. Na4 Rb8 14.
Qe3 Qc7 15. Bd3 Bd7 16. Nb6 e5 17. Nxd7 Nxd7 18. fxe5 dxe5 19. Qg3 O-O 20. b3
Bh4 21. Qxh4 exd4 22. Bc4 Ne5 23. Rxd4 a5 24. Rhd1 Rbc8 25. h3 a4 26. Qe1 Rb8
27. Qd2 a3 28. Be2 Qe7 29. c3 bxc3 30. Qxc3 Rfc8 31. Qe3 Nc6 32. Rc4 Ne5 33.
Rxc8+ Rxc8 34. Rc1 Rd8 35. Qc5 Qf6 36. Rf1 Nf3 37. e5 Qg6+ 38. Ka1 Nd4 39. Rd1
Qe4 40. Bd3 Ne6 41. Qc3 Qxg2 42. Rb1 g6 43. b4 Qg3 44. Rb3 Rxd3 45. Qxd3 Qe1+
0-1

[Event "Berliner Sommer 15th"]
[Site "Berlin"]
[Date "1997.??.??"]
[Round "4"]
[White "Tseitlin, Mark D"]
[Black "Von Herman, Ulf"]
[Result "1-0"]
[WhiteElo "2530"]
[BlackElo "2375"]
[PlyCount "75"]
[EventDate "1997.08.??"]
[EventType "swiss"]
[EventRounds "9"]
[EventCountry "GER"]
[SourceTitle "CBM 059 Extra"]
[Source "ChessBase"]
[SourceDate "1997.09.26"]
[SourceVersion "1"]
[SourceVersionDate "1997.09.26"]
[SourceQuality "1"]

1. e4 c6 2. d4 d5 3. e5 Bf5 4. Nf3 e6 5. Be2 Nd7 6. O-O h6 7. b3 Ne7 8. c4 g5
9. Na3 Bg7 10. Nc2 Nf8 11. Ne3 Nfg6 12. Ba3 Be4 13. Nd2 Nf4 14. Nxe4 dxe4 15.
Bd6 Nf5 16. Nxf5 exf5 17. Re1 Bf8 18. c5 g4 19. b4 Qg5 20. Qb3 a6 21. Bc4 Qg6
22. a4 Ne6 23. Rad1 Bxd6 24. exd6 Ng5 25. Qg3 O-O 26. d5 Qf6 27. dxc6 bxc6 28.
d7 Rfd8 29. Rd6 Qe7 30. Red1 Ra7 31. b5 axb5 32. axb5 cxb5 33. Bxb5 Ra5 34. c6
Rxb5 35. c7 Rc5 36. cxd8=Q+ Qxd8 37. Qh4 Ra5 38. Rxh6 1-0

[Event "Berliner Sommer 15th"]
[Site "Berlin"]
[Date "1997.??.??"]
[Round "6"]
[White "Tseitlin, Mark D"]
[Black "Thiede, Lars"]
[Result "1-0"]
[WhiteElo "2530"]
[BlackElo "2335"]
[PlyCount "87"]
[EventDate "1997.08.??"]
[EventType "swiss"]
[EventRounds "9"]
[EventCountry "GER"]
[SourceTitle "CBM 059 Extra"]
[Source "ChessBase"]
[SourceDate "1997.09.26"]
[SourceVersion "1"]
[SourceVersionDate "1997.09.26"]
[SourceQuality "1"]

1. e4 g6 2. d4 Bg7 3. Nf3 d6 4. Be2 Nf6 5. Nc3 O-O 6. O-O a6 7. a4 Bg4 8. Bg5
Nc6 9. Qd2 Nd7 10. Nd5 Bxf3 11. Bxf3 h6 12. Be3 Kh7 13. a5 e6 14. Nb4 e5 15.
Nxc6 bxc6 16. dxe5 Nxe5 17. Be2 Qh4 18. Bf4 g5 19. g3 Qh3 20. Bxe5 Bxe5 21. Qd1
Qe6 22. c3 Rfb8 23. Qd2 Rd8 24. Bd3 Rg8 25. Qe2 Qc8 26. Kh1 g4 27. Kg2 Rg5 28.
Rh1 Rh5 29. h4 gxh3+ 30. Kh2 Rg5 31. Rhg1 Bh8 32. f4 Rc5 33. g4 Kg8 34. g5 hxg5
35. Qh5 Bf6 36. e5 dxe5 37. fxg5 Bg7 38. Raf1 Qe6 39. Bh7+ Kf8 40. Bg6 f6 41.
gxf6 Bxf6 42. Qh8+ Ke7 43. Qxa8 Rb5 44. Qe8+ 1-0

[Event "Berliner Sommer 15th"]
[Site "Berlin"]
[Date "1997.??.??"]
[Round "8"]
[White "Tseitlin, Mark D"]
[Black "Seul, Georg"]
[Result "1-0"]
[WhiteElo "2530"]
[BlackElo "2425"]
[PlyCount "149"]
[EventDate "1997.08.??"]
[EventType "swiss"]
[EventRounds "9"]
[EventCountry "GER"]
[SourceTitle "CBM 059 Extra"]
[Source "ChessBase"]
[SourceDate "1997.09.26"]
[SourceVersion "1"]
[SourceVersionDate "1997.09.26"]
[SourceQuality "1"]

1. e4 d6 2. d4 g6 3. Nf3 Nf6 4. Nc3 Bg7 5. Be2 O-O 6. O-O c6 7. Re1 Nbd7 8. Bf4
Qb6 9. Rb1 e5 10. dxe5 dxe5 11. Be3 Qc7 12. Nd2 Rd8 13. Qc1 Nf8 14. Nb3 Ne6 15.
Bh6 a5 16. a4 Qb6 17. Be3 Qb4 18. Bd2 Nxe4 19. Nxe4 Qxe4 20. Bxa5 Re8 21. Bc3
Qh4 22. Bf1 Nf4 23. Nc5 Nd5 24. Bd2 Qe7 25. b4 b6 26. Nd3 Bf5 27. c4 Nc7 28. a5
bxa5 29. bxa5 Qd8 30. Rb3 Ne6 31. Ra3 Nd4 32. a6 c5 33. Bc3 Qb6 34. Ra2 Bxd3
35. Bxd3 Rxa6 36. Rb2 Qd8 37. Be4 Rd6 38. Bd5 Rxd5 39. cxd5 Qxd5 40. Qb1 h5 41.
Rb7 Ra8 42. h3 Ra2 43. Rd7 Qxd7 44. Qxa2 Qf5 45. Qa8+ Kh7 46. Qd5 e4 47. Qxe4
Qxe4 48. Rxe4 Nf3+ 49. gxf3 Bxc3 50. Ra4 Bd4 51. f4 Kg7 52. Ra6 Kf8 53. Kg2 Kg7
54. Kf3 Kh7 55. Ra2 Kg7 56. Ke4 Kf6 57. f3 Kg7 58. Ra7 Kf6 59. Ra6+ Kg7 60. f5
g5 61. Rc6 Bf2 62. Ra6 Bd4 63. Ra8 Kh7 64. Ra2 Kg7 65. f4 gxf4 66. Kxf4 Bf6 67.
Rc2 Be7 68. Rg2+ Kf6 69. Rg8 Bd6+ 70. Ke4 h4 71. Rc8 Kg5 72. Rc6 Be7 73. Ke5
Bf8 74. f6 Bh6 75. Rxc5 1-0